00349nam a2200121Ia 4500003000400000008004100004040001600045082002000061245006900081260006100150300001100211490000500222GCL140319s9999 xx 000 0 ara d aGCL / cGCL04a629.2502bع ح10aحماية منظومات توزيع القوى الكهربية a[S.N] : bدار الراتب الجامعية ، c1987 a160 ص a